B footballers who have PL medals - Statistics

General Stats
  • This quiz has been taken 19 times
  • The average score is 4 of 20
Answer Stats
Medals Answer % Correct
6(96,97,99,00,01,03) Beckham
69%
3(95,99,00) Berg
69%
3(98,02,04) Bergkamp
63%
6(1996,1997,1999,2000,2001,2003) Butt
44%
1 (2010) Ballack
25%
1(2010) Belletti
25%
5(99,01,03,07,08) Brown
25%
2(2009,2011) Berbatov
19%
1(1998) Bould
19%
3(1993,1994,1996) Bruce
19%
2 (2001,2003) Barthez
13%
1( 2012) Barry
6%
1(2017) Batshuayi
6%
1(2003) Blanc
6%
1(1998) Boa Morte
6%
1(20000 Bosnich
6%
1(1993) Blackmore
0%
1(19990 Blomqvist
0%
1(2005) Bridge
0%
1(2013) Buttner
0%
No matching quizzes found
Score Distribution
Percent of People with Each Score
Percentile by Number Answered
Your Score History
You have not taken this quiz